Central-most Countries - Statistics

General Stats
  • This quiz has been taken 3,141 times
    3,021 since last reset
  • The average score is 18 of 20
Answer Stats
Distance Country % Correct
931 mi DR of the Congo
97%
839 mi Niger
94%
815 mi Republic of the Congo
94%
502 mi Nigeria
93%
1169 mi Chad
91%
625 mi Equatorial Guinea
90%
335 mi Ghana
90%
431 mi Togo
90%
446 mi Benin
89%
680 mi Cameroon
89%
1066 mi Central African Republic
89%
413 mi Côte d'Ivoire
89%
816 mi Mali
89%
603 mi Gabon
88%
786 mi Guinea
87%
677 mi Burkina Faso
85%
603 mi Liberia
85%
445 mi ‎São Tomé and Príncipe
84%
923 mi Sierra Leone
84%
898 mi Angola
83%
No matching quizzes found
Score Distribution
Percent of People with Each Score
Percentile by Number Answered
Your Score History
You have not taken this quiz since the last reset